BUSINESS ENVIRONMENT (Record no. 9419)

MARC details
000 -LEADER
fixed length control field 00447nam a22001577a 4500
003 - CONTROL NUMBER IDENTIFIER
control field SGT
020 ## - INTERNATIONAL STANDARD BOOK NUMBER
International Standard Book Number 9788174463753
082 ## - DEWEY DECIMAL CLASSIFICATION NUMBER
Classification number 338.7,BED
100 ## - MAIN ENTRY--PERSONAL NAME
Personal name SURESH BEDI
245 ## - TITLE STATEMENT
Title BUSINESS ENVIRONMENT
260 ## - PUBLICATION, DISTRIBUTION, ETC. (IMPRINT)
Place of publication, distribution, etc NEW DELHI
Name of publisher, distributor, etc EXCEL BOOKS
Year of Publication 2004
300 ## - PAGE DESCRIPTION
No. of Pages 648
650 ## - SUBJECT ADDED ENTRY--TOPICAL TERM
Topical term or geographic name as entry element ECONOMICS ( BUSINESS ENTERPRISES)
653 ## - KEYWORDS--INDEX TERM
Keyword term NATURE AND STRUCTURE OF BUSINESS CYCLES, THE DYNAMICS OF INFLATION,THE OPERATION OF FISCAL POLICY
942 ## - ADDED ENTRY ELEMENTS (KOHA)
Source of classification or shelving scheme Dewey Decimal Classification
Koha item type FCM Books
Holdings
Withdrawn status Lost status Source of classification or shelving scheme Damaged status Not for loan Collection code Home library Current library Shelving location Date acquired Cost, normal purchase price SGTU Bill Number Total Checkouts Full call number Accession No. (Barcode) Date last seen Date last borrowed Bill Date Koha item type Vendor Name
    Dewey Decimal Classification     COMMERCE MANAGEMENT SGT Science & Social Sciences Library SGT Science & Social Sciences Library Text Book 01/07/2016 0.00 SGTU 2308 31 338.7,BED CM614 16/09/2019 02/09/2019 03/05/2015 FCM Books  
    Dewey Decimal Classification   Not For Loan COMMERCE MANAGEMENT SGT Science & Social Sciences Library SGT Science & Social Sciences Library Reference Book 01/07/2016 0.00 SGTU 2308   338.7,BED CM615 01/07/2016   03/05/2015 FCM Books  
    Dewey Decimal Classification     COMMERCE MANAGEMENT SGT Science & Social Sciences Library SGT Science & Social Sciences Library Text Book 18/07/2016 420.00 SGTU 2308 4 338.7,BED CM611 14/06/2025 30/05/2025 05/03/2015 FCM Books KIRTI PRAKASHAN